00643 2200253 4500001002100000005001700021008004100038020001800079035002400097082001200121090001900133100002300152245003500175250001100210260003500221300002800256500003100284650001600315850001500331980001200346985000600358986001000364999001500374YOGYA-0209000003047820090227024459.0 ind  a979-489-130-4 0010-020900000030478 a636.213 a636.213bSug S aSUGENG, Y. Bambang aSapi potongcY. Bambang Sugeng aCet. 1 aJakartabPenebar Swadayac1992 ax, 197 hlmbilusc20 cm aBibliografi : hlm. 195-197 aSapi potong aYOPDYOG(B) a6-07-06 a1 aMsref a94P0048756